[Event "II Torneo Internacional Puente Foral. A"]
[Site "Huarte (Navarra)"]
[Date "2007.12.02"]
[Round "1.1"]
[White "Fayard, Alain"]
[Black "Ninov, Nikolai"]
[Result "0-1"]
[WhiteElo "2360"]
[BlackElo "2518"]
[PlyCount "120"]
[EventDate "2007.12.02"]

1. d4 Nf6 2. c4 e6 3. Nc3 Bb4 4. e3 c5 5. Nf3 b6 6. Bd3 cxd4 7. exd4 Bxc3+ 8.
bxc3 d6 9. Qa4+ Qd7 10. Qa3 Nc6 11. Bg5 Na5 12. c5 dxc5 13. Ne5 Qd5 14. Bxf6
gxf6 15. Ng4 Qg5 16. Bb5+ Kf8 17. Be2 Nc4 18. Qb3 Ba6 19. Bxc4 Bxc4 20. Qxc4
Qxg4 21. O-O Rg8 22. g3 Rg5 23. Rad1 Rd5 24. Qa4 cxd4 25. Rxd4 Rxd4 26. cxd4
Kg7 27. Rc1 e5 28. Rc7 exd4 29. Qc4 Qg6 30. Rd7 d3 31. Rd4 Re8 32. Rxd3 Re1+
33. Kg2 Qe4+ 34. Qxe4 Rxe4 35. Ra3 Re7 36. Kf3 f5 37. Kf4 Kg6 38. f3 h5 39. h4
f6 40. Ra6 Rc7 41. Ra4 a5 42. Ke3 Rc3+ 43. Kf4 Rc1 44. Ke3 Rc2 45. Kf4 Re2 46.
Ra3 Rb2 47. Ra4 Rb1 48. Ke3 Rb5 49. Kf4 Rb2 50. Ke3 Kf7 51. Kf4 Ke6 52. g4 fxg4
53. fxg4 b5 54. Rxa5 Rb4+ 55. Kf3 hxg4+ 56. Kg3 f5 57. Ra6+ Ke5 58. h5 Ra4 59.
Rb6 Ra3+ 60. Kh4 Kf4 0-1

[Event "II Torneo Internacional Puente Foral. A"]
[Site "Huarte (Navarra)"]
[Date "2007.12.02"]
[Round "1.2"]
[White "Huerga Leache, Mikel"]
[Black "Cabrera Trujillo, Jorge Juan"]
[Result "1/2-1/2"]
[WhiteElo "2440"]
[BlackElo "2317"]
[PlyCount "76"]
[EventDate "2007.12.02"]

1. e4 c5 2. Nf3 d6 3. d4 cxd4 4. Nxd4 Nf6 5. Nc3 g6 6. Be3 Bg7 7. f3 O-O 8. Qd2
Nc6 9. Bc4 Bd7 10. O-O-O Rb8 11. Bb3 Na5 12. Bh6 Bxh6 13. Qxh6 b5 14. Nd5 e5
15. Nxf6+ Qxf6 16. Ne2 Nxb3+ 17. cxb3 Rb6 18. Kb1 Be6 19. h4 Qd8 20. Qd2 b4 21.
h5 a5 22. f4 a4 23. hxg6 fxg6 24. f5 gxf5 25. Rh6 Qe7 26. bxa4 fxe4 27. a5 Rb5
28. Nc1 d5 29. g4 Rxa5 30. Rdh1 Rf7 31. Rxe6 Qxe6 32. Qg5+ Qg6 33. Qd8+ Kg7 34.
Qxa5 e3+ 35. Ka1 Qe4 36. Qd8 Qxh1 37. Qg5+ Kf8 38. Qd8+ Kg7 {(=)} 1/2-1/2

[Event "II Torneo Internacional Puente Foral. A"]
[Site "Huarte (Navarra)"]
[Date "2007.12.02"]
[Round "1.3"]
[White "Antoli Royo, Joaquin Miguel"]
[Black "Burguete Archel, Eduardo"]
[Result "1-0"]
[WhiteElo "2356"]
[BlackElo "2187"]
[PlyCount "109"]
[EventDate "2007.12.02"]

1. e4 e5 2. Nf3 Nc6 3. Bb5 a6 4. Ba4 Nf6 5. d4 exd4 6. O-O Be7 7. Re1 b5 8. e5
Nxe5 9. Rxe5 d6 10. Re1 bxa4 11. Nxd4 Bd7 12. Qf3 O-O 13. Nc6 Bxc6 14. Qxc6 Re8
15. Nc3 Qd7 16. Qxd7 Nxd7 17. Nxa4 Bf6 18. Bd2 Rab8 19. Kf1 Kf8 20. Rxe8+ Kxe8
21. Re1+ Kd8 22. b3 Nb6 23. Nc3 d5 24. a4 c6 25. Na2 c5 26. Nc3 Bxc3 27. Bxc3
d4 28. Bd2 Kd7 29. Re5 Rc8 30. a5 Na8 31. Bf4 Rc6 32. Rd5+ Ke6 33. Re5+ Kd7 34.
Rh5 h6 35. Ke2 Rf6 36. Bg3 Kc6 37. Kd3 Nc7 38. Bxc7 Kxc7 39. f3 Kc6 40. Kc4 g5
41. h4 Rg6 42. hxg5 hxg5 43. Rh8 g4 44. Ra8 Kb7 45. Rf8 Rf6 46. fxg4 Rf2 47.
Kxc5 Rxc2+ 48. Kxd4 Rxg2 49. Rxf7+ Kc6 50. Rf6+ Kb5 51. Rf5+ Kb4 52. g5 Rg4+
53. Kd5 Kxa5 54. Kc6+ Kb4 55. Rf3 1-0

[Event "II Torneo Internacional Puente Foral. A"]
[Site "Huarte (Navarra)"]
[Date "2007.12.02"]
[Round "1.5"]
[White "Cruz Sanchez, Cristhian"]
[Black "Mirzoev, Azer"]
[Result "1-0"]
[WhiteElo "2464"]
[BlackElo "2545"]
[PlyCount "83"]
[EventDate "2007.12.02"]

1. d4 d5 2. Nf3 c5 3. c4 cxd4 4. cxd5 Nf6 5. Qa4+ Qd7 6. Qxd4 Qxd5 7. Nc3 Qxd4
8. Nxd4 a6 9. e4 e5 10. Nc2 Nc6 11. Be3 Be6 12. O-O-O Nb4 13. a3 Nxc2 14. Kxc2
Rc8 15. f3 Nd7 16. b4 a5 17. Rb1 axb4 18. axb4 Be7 19. Bb5 O-O 20. Bxd7 Bxd7
21. Kb3 Be6+ 22. Nd5 f5 23. Rbc1 Kf7 24. Rxc8 Rxc8 25. Ra1 Rc7 26. Ra7 Rd7 27.
Kc4 h5 28. Bc5 Bd8 29. Kb5 fxe4 30. fxe4 Kg6 31. Nb6 Rd2 32. Rxb7 Rxg2 33. Nd7
Kh6 34. Nxe5 Kh7 35. Nc6 Bg5 36. Nd4 Bg4 37. Bd6 Kg6 38. Kc5 Bf6 39. e5 Bg5 40.
e6 Rg1 41. e7 Re1 42. Nc6 1-0

[Event "II Torneo Internacional Puente Foral. A"]
[Site "Huarte (Navarra)"]
[Date "2007.12.03"]
[Round "2.1"]
[White "Ninov, Nikolai"]
[Black "Mirzoev, Azer"]
[Result "1/2-1/2"]
[WhiteElo "2518"]
[BlackElo "2545"]
[PlyCount "43"]
[EventDate "2007.12.02"]

1. e4 c5 2. Nf3 g6 3. d4 Bg7 4. dxc5 Qa5+ 5. c3 Qxc5 6. Na3 d6 7. Be3 Qa5 8.
Qb3 Nf6 9. Qb5+ Qxb5 10. Nxb5 Na6 11. e5 dxe5 12. Nxa7 Nd5 13. Bb5+ Kf8 14.
O-O-O e6 15. Bxa6 bxa6 16. Bc5+ Ke8 17. c4 Nf4 18. Nc6 Bb7 19. Ncxe5 Bxf3 20.
Nxf3 Rc8 21. b4 Bf8 22. Bxf8 1/2-1/2

[Event "II Torneo Internacional Puente Foral. A"]
[Site "Huarte (Navarra)"]
[Date "2007.12.03"]
[Round "2.2"]
[White "Garbisu De Goni, Unai"]
[Black "Cruz Sanchez, Cristhian"]
[Result "1/2-1/2"]
[WhiteElo "2462"]
[BlackElo "2464"]
[PlyCount "87"]
[EventDate "2007.12.02"]

1. e4 c5 2. Nf3 d6 3. d4 cxd4 4. Nxd4 Nf6 5. Nc3 a6 6. Be3 e5 7. Nf3 Be7 8. Bc4
O-O 9. O-O Be6 10. Bb3 Nc6 11. Bg5 Rc8 12. Bxf6 Bxf6 13. Nd5 Nd4 14. Nxd4 exd4
15. Qd3 Rc5 16. f4 Bxd5 17. Bxd5 Qb6 18. Bb3 Qb5 19. Qxb5 Rxb5 20. Rab1 Rc8 21.
Kf2 a5 22. Ke2 d3+ 23. cxd3 Bd4 24. Bc4 Rh5 25. Rfc1 Rhc5 26. a4 Kf8 27. b4
axb4 28. Rxb4 f5 29. Rc2 R8c7 30. Kd1 g5 31. fxg5 fxe4 32. dxe4 Rxg5 33. Bd5
Rxc2 34. Kxc2 Rxg2+ 35. Kd3 Bc5 36. Rxb7 Rxh2 37. a5 Rh1 38. Kc4 Rc1+ 39. Kb5
Rb1+ 40. Kc6 Rxb7 41. Kxb7 Ke7 42. Bc4 d5 43. Bxd5 Kd6 44. Bg8 1/2-1/2

[Event "II Torneo Internacional Puente Foral. A"]
[Site "Huarte (Navarra)"]
[Date "2007.12.03"]
[Round "2.3"]
[White "Burguete Archel, Eduardo"]
[Black "Mindeguia Guruceaga, Juan Jesus"]
[Result "0-1"]
[WhiteElo "2187"]
[BlackElo "2224"]
[PlyCount "66"]
[EventDate "2007.12.02"]

1. e4 c5 2. Nf3 Nc6 3. Nc3 Nf6 4. d4 cxd4 5. Nxd4 e5 6. Ndb5 d6 7. Bg5 a6 8.
Na3 b5 9. Bxf6 gxf6 10. Nd5 Bg7 11. c3 Ne7 12. Nxe7 Qxe7 13. Qf3 f5 14. Nc2
fxe4 15. Qxe4 Bb7 16. Qf5 O-O 17. Bd3 e4 18. Be2 Rac8 19. O-O Rc5 20. Qh3 Rg5
21. Rae1 Be5 22. Qe3 Rg7 23. f4 exf3 24. Bxf3 Qh4 25. h3 Bc8 26. Qf2 Qxh3 27.
Rxe5 dxe5 28. Qc5 Qg3 29. Ne3 Be6 30. Bb7 h5 31. Bxa6 h4 32. Rf3 Qxf3 33. Qxe5
Qg3 0-1

[Event "II Torneo Internacional Puente Foral. A"]
[Site "Huarte (Navarra)"]
[Date "2007.12.03"]
[Round "2.4"]
[White "Cabrera Trujillo, Jorge Juan"]
[Black "Antoli Royo, Joaquin Miguel"]
[Result "0-1"]
[WhiteElo "2317"]
[BlackElo "2356"]
[PlyCount "112"]
[EventDate "2007.12.02"]

1. e4 c5 2. Nf3 Nc6 3. d4 cxd4 4. Nxd4 e5 5. Nb5 a6 6. Nd6+ Bxd6 7. Qxd6 Qf6 8.
Qxf6 Nxf6 9. Nc3 d5 10. exd5 Nb4 11. Bd3 Nfxd5 12. Nxd5 Nxd5 13. Bd2 Be6 14.
O-O-O f6 15. c4 Rc8 16. b3 Ne7 17. Kb2 Bf5 18. Bb4 Bxd3 19. Rxd3 Nc6 20. Bc5
Rd8 21. Rhd1 Rxd3 22. Rxd3 Nb8 23. b4 Nd7 24. Rd6 Kd8 25. b5 axb5 26. cxb5 Kc7
27. Bb4 Re8 28. a4 e4 29. a5 Ne5 30. b6+ Kc8 31. Rd4 f5 32. Kb3 Nc6 33. Rd6
Nxb4 34. Kxb4 f4 35. Rd2 e3 36. Re2 Kd7 37. fxe3 fxe3 38. Kc5 Re5+ 39. Kd4 Kd6
40. Rxe3 Rxe3 41. Kxe3 Kc6 42. Kd4 Kb5 43. h4 Kxa5 44. Kc5 h5 45. g3 Ka6 46.
Kd5 Kxb6 47. Ke5 Kc5 48. Kf5 b5 49. Kg5 b4 50. Kxh5 b3 51. Kg6 b2 52. Kxg7 b1=Q
53. h5 Qg1 54. h6 Qxg3+ 55. Kh8 Qf4 56. Kg7 Qg5+ 0-1

[Event "II Torneo Internacional Puente Foral. A"]
[Site "Huarte (Navarra)"]
[Date "2007.12.03"]
[Round "2.5"]
[White "Fayard, Alain"]
[Black "Huerga Leache, Mikel"]
[Result "1/2-1/2"]
[WhiteElo "2360"]
[BlackElo "2440"]
[PlyCount "63"]
[EventDate "2007.12.02"]

1. d4 d5 2. c4 c6 3. Nf3 Nf6 4. e3 a6 5. b3 b5 6. Nbd2 Bg4 7. Bd3 Nbd7 8. Bb2
e6 9. Qc2 Bh5 10. O-O Be7 11. Rac1 O-O 12. Ne5 Qc8 13. cxb5 cxb5 14. Bxh7+ Nxh7
15. Qxc8 Rfxc8 16. Nxd7 Bb4 17. Nf3 Bxf3 18. gxf3 Nf8 19. Nxf8 Kxf8 20. Rxc8+
Rxc8 21. Rc1 Rxc1+ 22. Bxc1 f5 23. Kf1 Kf7 24. Ke2 Kg6 25. Bd2 Bd6 26. f4 Kh5
27. Kf3 Kh4 28. Kg2 Kg4 29. Ba5 Kh4 30. Bb6 Be7 31. Bc5 Bd8 32. Bd6 {(=)}
1/2-1/2

[Event "II Torneo Internacional Puente Foral. A"]
[Site "Huarte (Navarra)"]
[Date "2007.12.03"]
[Round "3.2"]
[White "Antoli Royo, Joaquin Miguel"]
[Black "Fayard, Alain"]
[Result "1-0"]
[WhiteElo "2356"]
[BlackElo "2360"]
[PlyCount "67"]
[EventDate "2007.12.02"]

1. e4 e5 2. Nf3 Nc6 3. Bb5 a6 4. Bxc6 dxc6 5. Nc3 Bd6 6. d4 exd4 7. Qxd4 f6 8.
Be3 Qe7 9. O-O-O Be5 10. Nxe5 fxe5 11. Qc5 Qxc5 {(=)} 12. Bxc5 Be6 13. Rd2 b6
14. Be3 Rd8 15. f4 Rxd2 16. Bxd2 exf4 17. Bxf4 Kd7 18. Rd1+ Kc8 19. Be5 Nf6 20.
Bxf6 gxf6 21. Rf1 Rf8 22. Kd2 Kd7 23. Ke3 Kd6 24. Ne2 Bd7 25. Rf4 Ke5 26. Nd4
Rg8 27. g3 c5 28. Nf3+ Ke6 29. Rh4 Rg7 30. Rh6 Be8 31. Kf4 Bg6 32. h4 Kf7 33.
h5 Bxe4 34. Kxe4 1-0

[Event "II Torneo Internacional Puente Foral. A"]
[Site "Huarte (Navarra)"]
[Date "2007.12.03"]
[Round "3.3"]
[White "Mindeguia Guruceaga, Juan Jesus"]
[Black "Cabrera Trujillo, Jorge Juan"]
[Result "0-1"]
[WhiteElo "2224"]
[BlackElo "2317"]
[PlyCount "132"]
[EventDate "2007.12.02"]

1. e4 c5 2. c3 Nf6 3. e5 Nd5 4. d4 cxd4 5. Nf3 e6 6. cxd4 Nc6 7. Bc4 d6 8. O-O
Be7 9. Qe2 O-O 10. Nc3 Nxc3 11. bxc3 dxe5 12. dxe5 Qa5 13. Rd1 Rd8 14. Rxd8+
Qxd8 15. Bd3 Bd7 16. Qe4 g6 17. Be3 Be8 18. Rb1 Qc7 19. h4 Rd8 20. h5 Rd5 21.
hxg6 hxg6 22. Bc4 Ra5 23. Bf4 Ra4 24. Bg5 Na5 25. Bxe7 Qxe7 26. Rb4 Rxb4 27.
cxb4 Qxb4 28. Bd3 Qxe4 29. Bxe4 Bc6 30. Nd2 Kf8 31. f4 Bd5 32. Bb1 Nc4 33. Nxc4
Bxc4 34. Kf2 Ke7 35. Ke3 Kd7 36. Kd4 Bd5 37. g3 Kc6 38. a3 Kb5 39. Bc2 b6 40.
Bd1 Kc6 41. Bc2 Kd7 42. Bd1 Bc6 43. Bc2 Ke7 44. Bb3 Kf8 45. Bd1 Kg7 46. Ke3 Kh6
47. Be2 g5 48. Bd1 Kg6 49. Bc2+ f5 50. Bd1 g4 51. Kd4 Kf7 52. Bb3 Ke7 53. Bc4
Bd7 54. Bb3 Kd8 55. Bc4 Kc7 56. Bb3 Kc6 57. Ba4+ b5 58. Bb3 Kb6 59. Ba2 a6 60.
Bb1 Bc8 61. Bc2 a5 62. Bb3 Bd7 63. Bc2 b4 64. axb4 axb4 65. Bb3 Kb5 66. Bc2 Bc6
0-1

[Event "II Torneo Internacional Puente Foral. A"]
[Site "Huarte (Navarra)"]
[Date "2007.12.03"]
[Round "3.4"]
[White "Cruz Sanchez, Cristhian"]
[Black "Burguete Archel, Eduardo"]
[Result "1/2-1/2"]
[WhiteElo "2464"]
[BlackElo "2187"]
[PlyCount "68"]
[EventDate "2007.12.02"]

1. d4 Nf6 2. c4 e6 3. Nf3 c5 4. e3 cxd4 5. exd4 d5 6. Nc3 Be7 7. Bd3 dxc4 8.
Bxc4 O-O 9. O-O Nbd7 10. Bg5 a6 11. Re1 b5 12. Bb3 Bb7 13. Qe2 b4 14. Na4 Bd5
15. Rac1 Bxb3 16. axb3 Nd5 17. Bxe7 Qxe7 18. Rc6 a5 19. Rec1 Qf6 20. g3 Qf5 21.
Ne5 N7f6 22. Nc5 h5 23. Qf3 Qg5 24. Ncd7 Nxd7 25. Nxd7 Rfd8 26. Ne5 Rf8 27.
R1c5 Qd2 28. Rc8 Raxc8 29. Rxc8 Rxc8 30. Qxf7+ Kh8 31. Qxh5+ Kg8 32. Qf7+ Kh8
33. Qh5+ Kg8 34. Qf7+ Kh8 1/2-1/2

[Event "II Torneo Internacional Puente Foral. A"]
[Site "Huarte (Navarra)"]
[Date "2007.12.03"]
[Round "3.5"]
[White "Mirzoev, Azer"]
[Black "Garbisu De Goni, Unai"]
[Result "1-0"]
[WhiteElo "2545"]
[BlackElo "2462"]
[PlyCount "63"]
[EventDate "2007.12.02"]

1. g3 f5 2. Bg2 Nf6 3. d3 d6 4. e4 Nc6 5. Nc3 e5 6. Nge2 g6 7. O-O Bg7 8. exf5
gxf5 9. d4 O-O 10. dxe5 Nxe5 11. b3 c6 12. Bb2 Qc7 13. Nf4 Bd7 14. Nce2 d5 15.
a4 Rae8 16. a5 Kh8 17. Ra2 Rf7 18. Qa1 Bc8 19. Nc1 Kg8 20. Ncd3 Nxd3 21. cxd3
Qd6 22. h3 b6 23. axb6 axb6 24. Ra7 Bb7 25. b4 Rfe7 26. Bc3 Kf8 27. Rb1 Ng8 28.
Bxg7+ Rxg7 29. b5 Qe5 30. bxc6 Qxa1 31. Raxa1 Bxc6 32. Rxb6 1-0

[Event "II Torneo Internacional Puente Foral. A"]
[Site "Huarte (Navarra)"]
[Date "2007.12.04"]
[Round "4.2"]
[White "Burguete Archel, Eduardo"]
[Black "Mirzoev, Azer"]
[Result "1-0"]
[WhiteElo "2187"]
[BlackElo "2545"]
[PlyCount "81"]
[EventDate "2007.12.02"]

1. e4 c5 2. Nf3 a6 3. c3 d6 4. d4 Nd7 5. Bd3 g6 6. O-O Bg7 7. Re1 Qc7 8. e5
dxe5 9. dxe5 Nf8 10. Nbd2 Nh6 11. Ne4 Ne6 12. h3 O-O 13. a4 b6 14. Neg5 Rd8 15.
Qc2 Nf8 16. Be4 Bb7 17. Bf4 Bxe4 18. Qxe4 Qc8 19. e6 f6 20. Nf7 Nxf7 21. exf7+
Kh8 22. Qxe7 Rd7 23. Qe3 Rxf7 24. Rad1 Qb7 25. Rd6 Rd7 26. Red1 Rad8 27. Rxd7
Rxd7 28. Rxd7 Qxd7 29. a5 bxa5 30. Qxc5 a4 31. Nd4 Qb7 32. Bd6 Nd7 33. Qc4 Nf8
34. Qxa4 Qxb2 35. Qe8 Kg8 36. Ne6 Qb1+ 37. Kh2 Qb5 38. Nxg7 Qxe8 39. Nxe8 Nd7
40. Bb4 Kf7 41. Nc7 1-0

[Event "II Torneo Internacional Puente Foral. A"]
[Site "Huarte (Navarra)"]
[Date "2007.12.04"]
[Round "4.3"]
[White "Cabrera Trujillo, Jorge Juan"]
[Black "Cruz Sanchez, Cristhian"]
[Result "0-1"]
[WhiteElo "2317"]
[BlackElo "2464"]
[PlyCount "70"]
[EventDate "2007.12.02"]

1. e4 c5 2. Nf3 d6 3. d4 cxd4 4. Nxd4 Nf6 5. Nc3 a6 6. Bg5 e6 7. f4 Qc7 8. Bxf6
gxf6 9. Be2 Nc6 10. Qd2 Bd7 11. Nb3 h5 12. O-O-O O-O-O 13. Rhf1 Kb8 14. Rf3 Bc8
15. Rh3 h4 16. Qe1 d5 17. Rxh4 Rxh4 18. Qxh4 d4 19. Nb1 Nb4 20. Bd3 Nxa2+ 21.
Kd2 Be7 22. Qh6 a5 23. Nc1 Rh8 24. Qxh8 Qxf4+ 25. Ke2 Nxc1+ 26. Rxc1 Qe3+ 27.
Kd1 Qg1+ 28. Ke2 Qe3+ 29. Kd1 Bb4 30. Qh4 Qg1+ 31. Ke2 Qxc1 32. Na3 e5 33. Nc4
b5 34. Qxf6 Bg4+ 35. Kf2 Qe1# 0-1

[Event "II Torneo Internacional Puente Foral. A"]
[Site "Huarte (Navarra)"]
[Date "2007.12.04"]
[Round "4.4"]
[White "Fayard, Alain"]
[Black "Mindeguia Guruceaga, Juan Jesus"]
[Result "1/2-1/2"]
[WhiteElo "2360"]
[BlackElo "2224"]
[PlyCount "92"]
[EventDate "2007.12.02"]

1. d4 d5 2. c4 e6 3. Nc3 c5 4. cxd5 exd5 5. Nf3 Nc6 6. g3 Nf6 7. Bg2 cxd4 8.
Nxd4 Bc5 9. Nb3 Bb4 10. O-O Bxc3 11. bxc3 O-O 12. Qc2 Ne4 13. Be3 Bf5 14. Qb2
Qd7 15. Rfd1 Ne5 16. Bd4 Nc4 17. Qc1 Rfe8 18. f3 Ned6 19. e4 dxe4 20. fxe4 Bxe4
21. Bxe4 Nxe4 22. Bxg7 Qg4 23. Bh6 Nxg3 24. Qg5+ Qxg5 25. Bxg5 Ne4 26. Bh4 Ne5
27. Kg2 Nxc3 28. Rd4 Ng6 29. Bg5 Re2+ 30. Kh3 Ne4 31. Bh6 Re8 32. Rc1 Nf6 33.
Rc7 b6 34. Rxa7 R2e5 35. Bc1 Rc8 36. Bd2 Rh5+ 37. Kg3 Re5 38. Kf3 Rce8 39. Rb7
Rf5+ 40. Kg3 Ne4+ 41. Kg4 Ree5 42. Bh6 Nf6+ 43. Kg3 Nh5+ 44. Kg4 Nf6+ 45. Kg3
Nh5+ 46. Kg4 Nf6+ 1/2-1/2

[Event "II Torneo Internacional Puente Foral. A"]
[Site "Huarte (Navarra)"]
[Date "2007.12.04"]
[Round "4.5"]
[White "Huerga Leache, Mikel"]
[Black "Antoli Royo, Joaquin Miguel"]
[Result "1-0"]
[WhiteElo "2440"]
[BlackElo "2356"]
[PlyCount "87"]
[EventDate "2007.12.02"]

1. e4 c5 2. Nf3 Nc6 3. d4 cxd4 4. Nxd4 Nf6 5. Nc3 e6 6. Ndb5 Bb4 7. a3 Bxc3+ 8.
Nxc3 d5 9. exd5 exd5 10. Qe2+ Be6 11. Bg5 h6 12. Bh4 d4 13. O-O-O Qe7 14. Ne4
g5 15. Nxf6+ Qxf6 16. Bg3 O-O-O 17. h4 Rhe8 18. hxg5 hxg5 19. Qf3 Qe7 20. Bd3
Qd7 21. Rde1 Bg4 22. Qf6 Qd5 23. Rxe8 Rxe8 24. Qd6 Qxd6 25. Bxd6 Kd7 26. Bg3
Be6 27. Rh7 Ke7 28. Kd2 Rg8 29. Be4 Na5 30. b3 Nc6 31. Kd3 Rc8 32. Rh5 Kf6 33.
f3 Bf5 34. Rh6+ Bg6 35. Bxg6 fxg6 36. Rh7 b6 37. Bf2 g4 38. fxg4 Kg5 39. Bxd4
Kxg4 40. Rg7 Kf5 41. Bb2 Rd8+ 42. Ke2 Re8+ 43. Kf3 Rd8 44. Rf7+ 1-0

[Event "II Torneo Internacional Puente Foral. A"]
[Site "Huarte (Navarra)"]
[Date "2007.12.05"]
[Round "5.3"]
[White "Cruz Sanchez, Cristhian"]
[Black "Fayard, Alain"]
[Result "1-0"]
[WhiteElo "2464"]
[BlackElo "2360"]
[PlyCount "65"]
[EventDate "2007.12.02"]

1. d4 Nf6 2. c4 e6 3. Nf3 Bb4+ 4. Bd2 a5 5. g3 b6 6. Bg2 Bb7 7. O-O O-O 8. Bf4
Be7 9. Nc3 Ne4 10. Nb5 Na6 11. Nd2 Nxd2 12. Qxd2 Bxg2 13. Kxg2 f5 14. d5 g5 15.
Be3 e5 16. d6 cxd6 17. Qd5+ Kg7 18. Nxd6 Rf6 19. Bxg5 Rxd6 20. Bxe7 Rxd5 21.
Bxd8 Rd2 22. Bxb6 Rxb2 23. Bxa5 Rxe2 24. Rfd1 Ra7 25. Rd5 Kf6 26. Rad1 Nb8 27.
a4 Nc6 28. Rd6+ Ke7 29. Bb6 Rxa4 30. Rxd7+ Ke8 31. Rxh7 Raa2 32. Rh8+ Ke7 33.
Bc5+ 1-0

[Event "II Torneo Internacional Puente Foral. A"]
[Site "Huarte (Navarra)"]
[Date "2007.12.05"]
[Round "5.4"]
[White "Mirzoev, Azer"]
[Black "Cabrera Trujillo, Jorge Juan"]
[Result "1-0"]
[WhiteElo "2545"]
[BlackElo "2317"]
[PlyCount "51"]
[EventDate "2007.12.02"]

1. b4 e5 2. Bb2 Bxb4 3. Bxe5 Nf6 4. Nf3 O-O 5. e3 Nc6 6. Bb2 d5 7. Be2 Re8 8.
O-O Bg4 9. d3 Qe7 10. Nbd2 Rad8 11. a3 Bc5 12. d4 Bd6 13. c4 Qe6 14. Qc2 Ne4
15. cxd5 Qxd5 16. Nxe4 Rxe4 17. Bc4 Qh5 18. Qxe4 Bxf3 19. Bxf7+ Qxf7 20. Qxf3
Qb3 21. Qe2 Na5 22. Rfc1 b5 23. Bc3 Nc4 24. Bb4 Nxa3 25. Bxa3 Bxa3 26. Rcb1 1-0

[Event "II Torneo Internacional Puente Foral. A"]
[Site "Huarte (Navarra)"]
[Date "2007.12.05"]
[Round "5.5"]
[White "Garbisu De Goni, Unai"]
[Black "Burguete Archel, Eduardo"]
[Result "1-0"]
[WhiteElo "2462"]
[BlackElo "2187"]
[PlyCount "65"]
[EventDate "2007.12.02"]

1. e4 e5 2. Nf3 Nc6 3. Bb5 a6 4. Ba4 Nf6 5. O-O b5 6. Bb3 Bc5 7. a4 Rb8 8. Nxe5
Nxe5 9. d4 Bxd4 10. Qxd4 d6 11. f4 Nc6 12. Qc3 Ne7 13. axb5 axb5 14. e5 Ne4 15.
Qe3 Bb7 16. Nc3 Nxc3 17. Qxc3 O-O 18. f5 dxe5 19. f6 Ng6 20. Bg5 Qd7 21. fxg7
Kxg7 22. Bf6+ Kg8 23. Qg3 Qd4+ 24. Kh1 Rbd8 25. c3 Qd3 26. Bxd8 Qxd8 27. Rad1
Qe7 28. Rxf7 Rxf7 29. Rf1 Kh8 30. Bxf7 Be4 31. Qe3 Bc2 32. Qe2 Nf4 33. Rxf4 1-0

[Event "II Torneo Internacional Puente Foral. A"]
[Site "Huarte (Navarra)"]
[Date "2007.12.06"]
[Round "6.1"]
[White "Ninov, Nikolai"]
[Black "Burguete Archel, Eduardo"]
[Result "1-0"]
[WhiteElo "2518"]
[BlackElo "2187"]
[PlyCount "77"]
[EventDate "2007.12.02"]

1. e4 e5 2. Nf3 Nc6 3. Bc4 Nf6 4. Ng5 d5 5. exd5 Na5 6. Bb5+ c6 7. dxc6 bxc6 8.
Be2 h6 9. Nf3 e4 10. Ne5 Bc5 11. c3 Bd6 12. d4 exd3 13. Nxd3 Qc7 14. Nd2 O-O
15. b4 Nb7 16. Nc4 Bxh2 17. Bxh6 Re8 18. Be3 Be6 19. Nd2 Nd5 20. Bd4 Bg4 21.
Nf3 Bxf3 22. gxf3 Re6 23. Kd2 Rae8 24. Bf1 Bf4+ 25. Kc2 a5 26. Rg1 Bh6 27. a3
a4 28. Kb2 Nf4 29. Nxf4 Qxf4 30. Bc4 R6e7 31. Rg4 Qh2 32. Qxa4 Qb8 33. Rag1
Re2+ 34. Kb3 Rd2 35. Qa7 Kh7 36. Bxf7 c5 37. Rxg7+ Bxg7 38. Rxg7+ Kh8 39. Rg8+
1-0

[Event "II Torneo Internacional Puente Foral. A"]
[Site "Huarte (Navarra)"]
[Date "2007.12.06"]
[Round "6.2"]
[White "Cabrera Trujillo, Jorge Juan"]
[Black "Garbisu De Goni, Unai"]
[Result "1/2-1/2"]
[WhiteElo "2317"]
[BlackElo "2462"]
[PlyCount "161"]
[EventDate "2007.12.02"]

1. e4 e5 2. Nf3 Nc6 3. Bb5 a6 4. Ba4 Nf6 5. O-O Be7 6. Re1 b5 7. Bb3 d6 8. c3
O-O 9. h3 Na5 10. Bc2 c5 11. d4 Qc7 12. Nbd2 Bd7 13. d5 c4 14. Nf1 Nb7 15. Ng3
g6 16. Bh6 Rfe8 17. Qd2 Nc5 18. Rad1 Bd8 19. Ng5 a5 20. f4 b4 21. fxe5 dxe5 22.
Qf2 Ba4 23. Bxa4 Nxa4 24. Kh2 Ra6 25. Qc2 Nc5 26. cxb4 Nd3 27. Rxd3 cxd3 28.
Qxd3 Rb6 29. b5 a4 30. Ne2 Qc5 31. Nc3 Qf2 32. Nf3 Qxb2 33. Be3 Rb8 34. Rb1 Qa3
35. Qc4 Ba5 36. Qxa4 Qxc3 37. Bd2 Qd3 38. Rb3 Qxe4 39. Qxe4 Nxe4 40. Bxa5 Nc5
41. Rb1 Rb7 42. d6 Reb8 43. a4 Nxa4 44. Bc7 Ra8 45. b6 Nc5 46. Nxe5 f6 47. Nc6
Kf7 48. Rb5 Nd7 49. Ra5 Rxa5 50. Nxa5 Rxb6 51. Bxb6 Nxb6 52. Nb3 Ke6 53. Kg3
Kxd6 54. Kf3 Kd5 55. Nd2 Nc4 56. Nf1 Kd4 57. g4 Ne5+ 58. Kf4 Nd3+ 59. Kf3 Ke5
60. Nd2 Nf4 61. Kg3 Ne6 62. Nc4+ Kd4 63. Nd6 Kd5 64. Nb5 Nd4 65. Nc3+ Ke5 66.
Nd1 Ke4 67. Nc3+ Ke5 68. Nd1 Ne2+ 69. Kf3 Nf4 70. Kg3 Ke4 71. Nf2+ Ke3 72. Nd1+
Kd2 73. Nf2 Ne2+ 74. Kf3 Nc3 75. h4 Nd5 76. h5 gxh5 77. gxh5 f5 78. Nh3 h6 79.
Nf4 Nf6 80. Ng2 Nxh5 81. Nh4 1/2-1/2

[Event "II Torneo Internacional Puente Foral. A"]
[Site "Huarte (Navarra)"]
[Date "2007.12.06"]
[Round "6.3"]
[White "Fayard, Alain"]
[Black "Mirzoev, Azer"]
[Result "1/2-1/2"]
[WhiteElo "2360"]
[BlackElo "2545"]
[PlyCount "38"]
[EventDate "2007.12.02"]

1. d4 d5 2. c4 e6 3. Nf3 c6 4. Qc2 Nf6 5. Bg5 Nbd7 6. cxd5 exd5 7. e3 Be7 8.
Nc3 Nh5 9. Bxe7 Qxe7 10. Be2 g6 11. O-O O-O 12. Rab1 a5 13. a3 Ndf6 14. b4 axb4
15. axb4 Bf5 16. Bd3 Ng7 17. Bxf5 Nxf5 18. b5 c5 19. dxc5 Qxc5 1/2-1/2

[Event "II Torneo Internacional Puente Foral. A"]
[Site "Huarte (Navarra)"]
[Date "2007.12.06"]
[Round "6.4"]
[White "Huerga Leache, Mikel"]
[Black "Cruz Sanchez, Cristhian"]
[Result "1/2-1/2"]
[WhiteElo "2440"]
[BlackElo "2464"]
[PlyCount "115"]
[EventDate "2007.12.02"]

1. e4 c5 2. Nf3 d6 3. d4 cxd4 4. Nxd4 Nf6 5. Nc3 a6 6. Be3 e5 7. Nf3 Be7 8. Bc4
O-O 9. O-O Be6 10. Bxe6 fxe6 11. Na4 Ng4 12. Qd3 Nxe3 {(=)} 13. Qxe3 b5 14. Nb6
Ra7 15. Nd5 Nc6 16. Qd2 Qd7 17. Nxe7+ Qxe7 18. Rfd1 Rd8 19. Qc3 Rc7 20. Qa3 a5
21. Qb3 b4 22. Rd2 h6 23. Rad1 g6 24. h4 Kg7 25. a4 Rdd7 26. g3 Nd8 27. Rd3 Nb7
28. Re3 Rc6 29. Qd3 Rdc7 30. Ne1 Rc4 31. b3 Rd4 {(=)} 32. Qe2 Rc6 33. Rc1 Nc5
34. Nf3 Rc7 35. Nxd4 exd4 36. Rf3 e5 37. Re1 Qe8 38. h5 gxh5 39. Kg2 Re7 40.
Rh1 Qg6 41. Rf5 Ne6 42. Kf1 Ng5 43. Rxh5 Rc7 44. Qg4 Ne6 45. Qh4 Rxc2 46. Qe7+
Kg8 47. Rh4 Rc7 48. Rf8+ Nxf8 49. Qxc7 Qe6 50. f3 Nd7 51. Qd8+ Kf7 52. Rg4 Nf6
53. Qc7+ Qd7 54. Qxa5 Nxg4 55. fxg4 Qxg4 56. Qc7+ Ke8 57. Qc6+ Ke7 58. Qc7+ {
(=)} 1/2-1/2

[Event "II Torneo Internacional Puente Foral. A"]
[Site "Huarte (Navarra)"]
[Date "2007.12.06"]
[Round "6.5"]
[White "Antoli Royo, Joaquin Miguel"]
[Black "Mindeguia Guruceaga, Juan Jesus"]
[Result "1-0"]
[WhiteElo "2356"]
[BlackElo "2224"]
[PlyCount "87"]
[EventDate "2007.12.02"]

1. e4 e5 2. Nf3 Nf6 3. Nc3 Nc6 4. d4 Bb4 5. d5 Ne7 6. Nxe5 d6 7. Nd3 Bxc3+ 8.
bxc3 Nxe4 9. c4 O-O 10. Bb2 Ng6 11. Be2 Qg5 12. O-O Bh3 13. Bf3 Rae8 14. Kh1
Bf5 15. g3 Bh3 16. Bg2 Bxg2+ 17. Kxg2 f5 18. f4 Qe7 19. h3 Qd7 20. a4 Rf7 21.
a5 Rfe7 22. a6 c6 23. Nf2 bxa6 24. Rxa6 Qb7 25. Ra2 c5 26. Qd3 Qb4 27. Ba3 Qa5
28. Raa1 Nxf2 29. Rxf2 Re3 30. Bc1 Qxa1 31. Bxe3 Re4 32. Qb3 Qa6 33. Bc1 Qxc4
34. Qb8+ Nf8 35. Qxd6 Rd4 36. Ba3 Rxd5 37. Qe7 Ng6 38. Qe6+ Kf8 39. Re2 Ne5 40.
Qxf5+ Kg8 41. Rxe5 Rd2+ 42. Kf3 Qf1+ 43. Kg4 h5+ 44. Kh4 1-0